| Tag |
First Indicator |
Second Indicator |
Subfields |
| LEADER |
00000cam a2200000 a 4500 |
| 001 |
in00002583021 |
| 005 |
20151201150742.0 |
| 008 |
090629s2010 ilu b 001 0 eng c |
| 010 |
|
|
|a 2009026828
|
| 015 |
|
|
|a GBB036645
|2 bnb
|
| 016 |
7 |
|
|a 015504952
|2 Uk
|
| 020 |
|
|
|a 9780226315119 (hardcover : alk. paper)
|
| 020 |
|
|
|a 9780226315126 (pbk. : alk. paper)
|
| 020 |
|
|
|a 0226315118 (hardcover : alk. paper)
|
| 020 |
|
|
|a 0226315126 (pbk. : alk. paper)
|
| 029 |
1 |
|
|a CDX
|b 10487392
|
| 035 |
|
|
|a (OCoLC)ocn426065850
|
| 035 |
|
|
|a (OCoLC)426065850
|
| 040 |
|
|
|a ICU/DLC
|c DLC
|d YDX
|d YDXCP
|d UKM
|d CDX
|d UtOrBLW
|
| 042 |
|
|
|a pcc
|
| 049 |
|
|
|a TXAM
|
| 050 |
0 |
0 |
|a B2421
|b .H25 2010
|
| 082 |
0 |
0 |
|a 194
|2 22
|
| 100 |
1 |
|
|a Hammerschlag, Sarah.
|
| 245 |
1 |
4 |
|a The figural Jew :
|b politics and identity in postwar French thought /
|c Sarah Hammerschlag.
|
| 264 |
|
1 |
|a Chicago :
|b The University of Chicago Press,
|c 2010.
|
| 300 |
|
|
|a x, 298 pages ;
|c 24 cm.
|
| 336 |
|
|
|a text
|b txt
|2 rdacontent
|
| 337 |
|
|
|a unmediated
|b n
|2 rdamedia
|
| 338 |
|
|
|a volume
|b nc
|2 rdacarrier
|
| 490 |
1 |
|
|a Religion and postmodernism
|
| 504 |
|
|
|a Includes bibliographical references and index.
|
| 505 |
0 |
|
|a Introduction -- Roots, rootlessness, and fin de siècle France -- Stranger and self: Sartre's Jew -- Anti-Semite and Jew -- Dialectical history, unhappy consciousness, and the Messiah -- The ethics of uprootedness: Emmanuel Levinas's postwar project -- Literary unrest: Maurice Blanchot's rewriting of Levinas --"The Last of the Jews": Jacques Derrida and the case of the figure -- The cut -- The exemplar -- Conclusion.
|
| 650 |
|
0 |
|a Jewish philosophy
|z France
|y 20th century.
|
| 650 |
|
0 |
|a Philosophy, French
|y 20th century.
|
| 650 |
|
0 |
|a Jews
|x Identity.
|
| 600 |
1 |
0 |
|a Blanchot, Maurice.
|
| 600 |
1 |
0 |
|a Derrida, Jacques.
|
| 600 |
1 |
0 |
|a Lévinas, Emmanuel.
|
| 600 |
1 |
0 |
|a Sartre, Jean-Paul,
|d 1905-1980.
|
| 830 |
|
0 |
|a Religion and postmodernism.
|
| 938 |
|
|
|a Coutts Information Services
|b COUT
|n 10487392
|c 48.50 GBP
|
| 938 |
|
|
|a YBP Library Services
|b YANK
|n 3174560
|
| 945 |
|
|
|a PromptCat
|b 975675
|
| 946 |
|
|
|a stk
|
| 947 |
|
|
|a A14840304239
|
| 994 |
|
|
|a 92
|b TXA
|
| 948 |
|
|
|a Cataloged
|b h
|c 2010/5/27
|d c
|e ibarton
|
| 999 |
|
|
|a MARS
|
| 999 |
f |
f |
|s b46dab11-59f7-34d9-b6fa-d3cacb6af315
|i bd0959f1-093e-351b-8f52-07bb563f09a3
|t 0
|
| 952 |
f |
f |
|p ric
|a Texas A&M University
|b Rellis Campus
|c Joint Library Facility
|d Remote Storage
|t 0
|e B2421 .H25 2010
|h Library of Congress classification
|i unmediated -- volume
|m A14840304239
|
| 998 |
f |
f |
|a B2421 .H25 2010
|t 0
|l Remote Storage
|